A to Z: Europe - Statistics

General Stats
  • This quiz has been taken 49 times
  • The average score is 22 of 26
Answer Stats
Letter Hint Answer % Correct
D Second-longest river in Europe Danube River
100%
E Currency used by many countries in Europe Euro
100%
I Island discovered in the 9th century by Norse explorers Iceland
98%
N Sea situated between England and Denmark North Sea
98%
P Capital and largest city of the Czech Republic Prague
98%
V Italian city built on 118 small islands connected by bridges, with canals acting as roadways Venice
98%
W Country in the United Kingdom whose flag bears a wyvern Wales
98%
L Home of Big Ben London
95%
R River which flows through France and Germany and empties into N Rhine River
95%
Y Balkan country which split up in the early 90s Yugoslavia
95%
A Sea between the Italian and Balkan Peninsulas Adriatic Sea
91%
G A self-governing British dependency found in the English Channel Guernsey
91%
H English king who had six wives and formed the Anglican Church Henry VIII
91%
Q Title of Camilla Queen consort
91%
Z Second-largest city of the above, found in Croatia Zagreb
91%
B Forest spanning southern Germany Black Forest
89%
M Small country whose name means “black mountain” Montenegro
89%
U Mountain range which divides Europe and Asia Ural
89%
S Country which broke its neutrality and joined NATO in 2024 Sweden
86%
T One of the former kingdoms which make up modern-day Romania Transylvania
80%
C Alphabet which many Slavic languages use Cyrillic
77%
X Found on the flag of Scotland X
66%
J Former dictator of Y Josip Broz Tito
64%
K Second-largest city of Ukraine Kharkiv
55%
F Symbol of France resembling a lily Fleur-de-lis
52%
O Major city in the north of Finland Oulu
36%
No matching quizzes found
Score Distribution
Percent of People with Each Score
Percentile by Number Answered
Your Score History
You have not taken this quiz